000 00520cam a2200145 4500500
005 20251012010419.0
041 _afre
042 _adc
100 1 0 _aBillier, Jean-Cassien
_eauthor
245 0 0 _aQuelle différence y a-t-il entre une partie de jambes en l’air et un match de tennis ?
260 _c2007.
500 _a70
786 0 _nPhilosophie magazine | 7 | 3 | 2007-03-01 | p. 9-9 | 1951-1787
856 4 1 _uhttps://shs.cairn.info/magazine-philosophie-magazine-2007-3-page-9?lang=fr&redirect-ssocas=7080
999 _c1519113
_d1519113